General Science/ (Record no. 186274)
[ view plain ]
| 000 -LEADER | |
|---|---|
| fixed length control field | 00535nam a22001697a 4500 |
| 005 - DATE AND TIME OF LATEST TRANSACTION | |
| control field | 20220221121611.0 |
| 010 ## - LCCN (DPL NO) | |
| LC control number | ENG-131707 |
| 020 ## - INTERNATIONAL STANDARD BOOK NUMBER | |
| International Standard Book Number | 9789386720399 |
| Terms of availability | 899.00 |
| 035 ## - SYSTEM CONTROL NUMBER | |
| System control number | EN-115239 |
| 037 ## - SOURCE OF ACQUISITION | |
| Source of stock number/acquisition | DBAD |
| 082 ## - DEWEY DECIMAL CLASSIFICATION NUMBER | |
| Classification number | 500 |
| 245 ## - TITLE STATEMENT | |
| Title | General Science/ |
| Statement of responsibility, etc | Edited by Kisheto |
| 260 ## - PUBLICATION, DISTRIBUTION, ETC. (IMPRINT) | |
| Place of publication, distribution, etc | Ghazidabad |
| Name of publisher, distributor, etc | Rathore Publishers & Distributors |
| Date of publication, distribution, etc | 2019 |
| 270 ## - ADDRESS | |
| Address | Basement, 260, Shakitkhand-III, Indirapuram |
| City | Ghazidabad |
| Postal code | 201010 |
| Electronic mail address | rathorepublishers@gmail.com |
| 300 ## - PHYSICAL DESCRIPTION | |
| Extent | 277p. |
| Dimensions | 25cm(hbk) |
| 942 ## - ADDED ENTRY ELEMENTS (KOHA) | |
| Source of classification or shelving scheme | Dewey Decimal Classification |
| Item type | English Books |
| Classification part | 500 |
| Call number suffix | GEN |
| Withdrawn status | Lost status | Not for loan | Collection code | Home library | Current library | Date acquired | Source of acquisition | Cost, normal purchase price | Full call number | Barcode | Copy number | Cost, replacement price | Koha item type |
|---|---|---|---|---|---|---|---|---|---|---|---|---|---|
| Non-fiction | Central Library | Central Library | 21/02/2022 | DBAD/PUB | 899.00 | 500 GEN | EN-115239 | 1 | 899.00 | English Books |
